Perspectives of Means Based on Microwave Pulse Compression Technique for Functional Injury of Electronic Systems; 16th Symposium on High Current Electronics, September 19-24, 2010

Detalles Bibliográficos
Parent link:16th Symposium on High Current Electronics, September 19-24, 2010.— 2010.— [P. 431-432]
Outros autores: Chumerin P. Yu. Pavel Yurievich, Yushkov Y. G. Yuri Georgievich, Slinko V. N. Vladimir Nikolaevich, Hovaev A. Yu., Sirbu I. A., Volkov A. A.
Summary:Title screen
The report shows the urgency of usingthe microwave pulse compression technique as appliedto standard electronic tubes in the 0.8…10 smwavelength range for creation of transmitting unitof means for electronic system functional injury.Their efficiency is demonstrated by the effect of PCirradiation by microwave pulses. Main field of thistechnique for creation of devices producing destructiveelectromagnetic radiation are pointed out.
Режим доступа: по договору с организацией-держателем ресурса
Idioma:inglés
Publicado: 2010
Series:High Pover Microwaves
Subjects:
Acceso en liña:http://www.hcei.tsc.ru/conf/2010/cat/proc_2010/shce/431-432.pdf
Formato: MixedMaterials Electrónico Capítulo de libro
KOHA link:https://koha.lib.tpu.ru/cgi-bin/koha/opac-detail.pl?biblionumber=637594

MARC

LEADER 00000naa0a2200000 4500
001 637594
005 20250528130820.0
035 |a (RuTPU)RU\TPU\network\1746 
090 |a 637594 
100 |a 20140930d2010 k y0rusy50 ba 
101 0 |a eng 
102 |a RU 
135 |a drcn ---uucaa 
181 0 |a i  
182 0 |a b 
200 1 |a Perspectives of Means Based on Microwave Pulse Compression Technique for Functional Injury of Electronic Systems  |f P. Yu. Chumerin [et al.] 
203 |a Text  |c electronic 
225 1 |a High Pover Microwaves 
300 |a Title screen 
320 |a [References: р. 439 (9 tit.)] 
330 |a The report shows the urgency of usingthe microwave pulse compression technique as appliedto standard electronic tubes in the 0.8…10 smwavelength range for creation of transmitting unitof means for electronic system functional injury.Their efficiency is demonstrated by the effect of PCirradiation by microwave pulses. Main field of thistechnique for creation of devices producing destructiveelectromagnetic radiation are pointed out. 
333 |a Режим доступа: по договору с организацией-держателем ресурса 
463 |t 16th Symposium on High Current Electronics, September 19-24, 2010  |o Proceedings  |f Institute of High Current Electronics  |v [P. 431-432]  |d 2010 
610 1 |a электронный ресурс 
610 1 |a труды учёных ТПУ 
701 1 |a Chumerin  |b P. Yu.  |c physicist  |c Senior researcher of Tomsk Polytechnic University, Doctor of physical and mathematical science  |f 1958-  |g Pavel Yurievich  |3 (RuTPU)RU\TPU\pers\32716 
701 1 |a Yushkov  |b Y. G.  |c Russian scientist  |c Professor of Tomsk Polytechnic University  |f 1937-  |g Yuri Georgievich  |3 (RuTPU)RU\TPU\pers\25936 
701 1 |a Slinko  |b V. N.  |c physicist  |c Leading engineer of Tomsk Polytechnic University, Candidate of technical sciences  |f 1951-  |g Vladimir Nikolaevich  |3 (RuTPU)RU\TPU\pers\32724 
701 1 |a Hovaev  |b A. Yu. 
701 1 |a Sirbu  |b I. A. 
701 1 |a Volkov  |b A. A. 
801 2 |a RU  |b 63413507  |c 20151016  |g RCR 
850 |a 63413507 
856 4 |u http://www.hcei.tsc.ru/conf/2010/cat/proc_2010/shce/431-432.pdf 
942 |c CF